Syndróm Babylon Štátna opera v Banskej Bystrici predstavuje Klub moderného tanca TIP mesta Zvolen ; Apartmán č. 13 : Compagnie des Loups a Bábkové divadlo zo Záhrebu vo francúzsko-chorvátkej produkcii 22. apríla 2001 o 18.30

Bibliographic Details
Corporate Author: Štátna opera Banská Bystrica (Author)
Format: Photo
Language:Slovak
Published: Banyká Bystrica Štátna opera 2001
Subjects:

MARC

LEADER 00000ckm a2200000 a 4500
001 vtls001412362
003 SK-MaSNL
005 20260302035112.0
007 kf ou
008 240409s2001 xo r 0 slo
015 |a SNBE2001/03-01852 
035 |a SNK000367078 
035 |a urn:nbn:sk:snk-km002pai 
035 |a A29C9EDB-0842-4356-B9C0-AF68913C81D1 
035 |a urn:nbn:sk:snk-kmtg3p 
040 |a SNK  |b slo  |c SNK  |e AACR2 
041 0 |a slo 
044 |a xo  |c SK 
080 |a 792.8+792.9(084.5)  |2 1981 
080 |a 792.9  |2 1981 
110 2 |a Štátna opera Banská Bystrica  |4 aut  |9 32008 
245 1 0 |a Syndróm Babylon  |h grafika  |b Štátna opera v Banskej Bystrici predstavuje Klub moderného tanca TIP mesta Zvolen ; Apartmán č. 13 : Compagnie des Loups a Bábkové divadlo zo Záhrebu vo francúzsko-chorvátkej produkcii 22. apríla 2001 o 18.30 
260 |a Banyká Bystrica  |b Štátna opera  |c 2001 
300 |a 1 plagát  |c 30 x 21 cm 
500 |a Farebná mutácia oronžová 
610 2 7 |a Štátna opera Banská Bystrica  |2 SNK  |9 32008 
650 0 7 |a tanec  |2 SNK  |9 743 
650 0 7 |a tanečné inscenácie  |2 SNK  |9 687531 
655 7 |a textové plagáty  |2 SNK  |9 76900 
852 |a Slovenská národná knižnica 
958 |a CP 
958 |a GBN 
958 |a OND 
999 |c 1069234  |d 1071164 
952 |t P60, <03>, [BOOK], {603}  |a SNK  |b SNK  |y PREZ  |7 0  |p 17A1162194  |o snkLPB 1501  |i snkPL 35/2001  |0 0  |1 0  |4 0  |d 2001-04-27  |f 1  |l 0  |r 2005-01-02 00:00:00  |w 2026-02-24